| 000 | 00577nam a22002057a 4500 | ||
|---|---|---|---|
| 003 | OSt | ||
| 005 | 20140311161020.0 | ||
| 008 | 130611t xxu||||| |||| 00| 0 eng d | ||
| 050 |
_aHQ 1061 _b.P414 1989 |
||
| 082 |
_aM 615.53409775 _bP38 1989 |
||
| 245 |
_aSurviving the 90s : _ba guide for Americans over sixty / _cPennington, J.C. |
||
| 260 |
_aNew York : _bPotomac Publishing, _c1989 |
||
| 300 |
_a117 p. : _bill. ; _c17 cm. |
||
| 521 | _acollege students | ||
| 526 | _c1210L-1700L | ||
| 541 | _j1 | ||
| 541 | _j2 | ||
| 562 | _e2 | ||
| 942 |
_2lcc _cBK _kM |
||
| 999 |
_c16908 _d16908 |
||